000 01397pam a2200361 a 4500
001 4296412
003 OSt
005 20140310181627.0
008 860508s1987 nyua bd 001 0 eng
010 _a 86011173
020 _a0879330090
040 _aDLC
_cDLC
_dDLC
050 0 0 _aQC 854
_b.En56 1987
082 0 0 _aREF 551.50321
_219
_bEn19 1987
245 0 4 _aThe Encyclopedia of climatology /
_cedited by John E. Oliver, Rhodes W. Fairbridge.
260 _aNew York :
_bVan Nostrand Reinhold,
_cc1987.
300 _axvi, 986 p. :
_bill. ;
_c27 cm.
440 0 _aEncyclopedia of earth sciences ;
_vv. 11
500 _aIncludes bibliographies and index
520 _a1. Meteorology--Dictionaries 2. Climatology--Dictionaries
521 _aBasic Ed. Students
541 _j1
562 _e1
650 0 _aMeteorology
_xDictionaries.
650 0 _aClimatology
_xDictionaries.
700 1 _aOliver, John E.
700 1 _aFairbridge, Rhodes W.
_q(Rhodes Whitmore),
_d1914-2006.
856 4 2 _3Contributor biographical information
_uhttp://www.loc.gov/catdir/enhancements/fy0820/86011173-b.html
856 4 2 _3Publisher description
_uhttp://www.loc.gov/catdir/enhancements/fy0820/86011173-d.html
856 4 1 _3Table of contents only
_uhttp://www.loc.gov/catdir/enhancements/fy0820/86011173-t.html
906 _a7
_bcbc
_corignew
_d1
_eocip
_f19
_gy-gencatlg
942 _2lcc
_cBK-GR
_kREF
999 _c376
_d376